000 00822nam a2200301Ia 4500
001 H2389
003 IT-RoPAU
008 130308s9999 xx 000 0 und d
040 _aIT-RoPAU
040 _cIT-RoPAU
041 _aFRANCESE
100 _aChervel Andrè
100 _gCodice Aut. SPICS: 56963
245 _aContrainte orthographique (La)
245 _bHistoire des idees Linguistiques-3-L'Hegemonie Du Comparatisme
250 _a1a ed.
260 _aLIEGE
260 _bMardaga Pierre
260 _c2000 [1° Ed.:2000 - Ed.Ling.Originale:2000]
300 _a"8 p. (prefazione: no ; testo: 8 [pagine: 55-62])"
500 _aLa Costrizione Ortografica.
650 _aSAGGI DI LINGUISTICA
650 _eCodice materia Spics: 3207
942 _cBK
957 _71
999 _c39788
_d39788
999 _bSI
999 _g1